Top 15 der betroffenen Covid-19-Länder - 26. März 2021 - Statistiken

Allgemein
  • Dieses Quiz wurde 49 mal gespielt
  • Das Durchschnittsergebnis liegt bei 16 aus 27
Antwortstatistiken
Land % Korrekt
Vereinigte Staaten
98%
Deutschland
95%
Italien
93%
Brasilien
91%
Frankreich
91%
Spanien
88%
Mexiko
86%
Russland
86%
Vereinigtes Königreich
86%
Portugal
81%
Indien
77%
Türkei
72%
Polen
70%
Schweden
65%
Argentinien
63%
Tschechien
58%
Belgien
53%
Iran
49%
Niederlande
49%
Kolumbien
42%
Slowenien
21%
Israel
19%
Estland
16%
Litauen
16%
Panama
14%
Bahrain
7%
Georgien
5%
Keine übereinstimmenden Quizze gefunden
Verteilung der Resultate
Anzahl Personen mit jedem Resultat
Perzentil nach korrekt beantworteten Fragen
Ihre Resultats-Entwicklung
Sie haben dieses Quiz noch nicht gespielt